<?xml version="1.0" encoding="UTF-8"?>
<collection xmlns="http://www.loc.gov/MARC21/slim">
 <record>
  <leader>00639cam a2200193 7i4500</leader>
  <controlfield tag="001">0000123563</controlfield>
  <controlfield tag="005">20150928090000.0</controlfield>
  <controlfield tag="008">150624</controlfield>
  <datafield tag="020" ind1="#" ind2="0">
   <subfield code="a">9781452268330 </subfield>
  </datafield>
  <datafield tag="090" ind1="0" ind2="0">
   <subfield code="a">HN 65 </subfield>
   <subfield code="b">.J5 2015</subfield>
  </datafield>
  <datafield tag="100" ind1="1" ind2="#">
   <subfield code="a">Jimenez, Jillian </subfield>
  </datafield>
  <datafield tag="245" ind1="1" ind2="0">
   <subfield code="a">Social policy and social change : </subfield>
   <subfield code="b">toward the creation of social and economic justice  </subfield>
   <subfield code="c">Jillian Jimenez [et al.].</subfield>
  </datafield>
  <datafield tag="250" ind1="#" ind2="#">
   <subfield code="a">2nd.ed..</subfield>
  </datafield>
  <datafield tag="260" ind1="#" ind2="#">
   <subfield code="a">Los Angeles [etc.]: </subfield>
   <subfield code="b">SAGE Publications,, </subfield>
   <subfield code="c">2015.</subfield>
  </datafield>
  <datafield tag="300" ind1="#" ind2="#">
   <subfield code="a">xxii, 497 p.; </subfield>
   <subfield code="c">24 cm..</subfield>
  </datafield>
  <datafield tag="650" ind1="0" ind2="0">
   <subfield code="a">Social service </subfield>
  </datafield>
  <datafield tag="650" ind1="0" ind2="0">
   <subfield code="a">Social problems </subfield>
  </datafield>
  <datafield tag="650" ind1="0" ind2="0">
   <subfield code="a">Social conditions -- </subfield>
   <subfield code="z">United States </subfield>
  </datafield>
  <datafield tag="999" ind1=" " ind2=" ">
   <subfield code="a">1100093996</subfield>
   <subfield code="b">Book</subfield>
   <subfield code="c">Open Shelf</subfield>
   <subfield code="e">KOLEKSI TERBUKA</subfield>
  </datafield>
 </record>
</collection>
